000 00690nam a2200253Ia 4500
003 OSt
005 20221005050410.0
006 a|||||r|||| 00| 0
007 ta
008 221004b |||||||| |||| 00| 0 tam d
020 _c14.25
024 _a64736
037 _cTextual
040 _aCRL
_cCRL
_btam
041 _2tam
_atam
082 _aO31:gN, M3
100 _aArumugam Poovai.S. Au.
_9584767
245 0 _aJayakandhan Mudhal Sivasangari Varai
260 _aKurinchippadi
_bManiyam Pathippakam India
_c1962
300 _a207p.
_ccm.
650 _aTAMIL LITERATURE
942 _hO31:gN, M3
_cTEXL
_2cc
999 _c956998
_d956998